| 000 | 00556cam a22001932 4500 | ||
|---|---|---|---|
| 001 | 000018271 | ||
| 005 | 20200929165429.0 | ||
| 008 | 910418s1946 sp 000 0 spa | ||
| 040 |
_aDO-SdBNP _cDLC _dDLC _dBNPHU |
||
| 082 |
_a782.27 _bP971h |
||
| 100 | 0 |
_aPrudentius, _939572 |
|
| 245 | 1 | 0 | _aHimnos a los martires. |
| 260 |
_aMadrid : _bInstituto "Antonio de Nebrija,", _c1946. |
||
| 300 | _a242 p. | ||
| 500 | _aIncluye notas al pie de las páginas. | ||
| 650 | 4 |
_aHimnos patrióticos _92370 |
|
| 910 | _aCatalogación por copia / LC | ||
| 049 | _aBNGR | ||
| 999 |
_c17792 _d17792 |
||